00637nam a2200169Ia 4500008004100000100003800041245007700079245008000156260005900236260000900295300001200304650001800316650001500334856002600349999001900375952007300394170221s9999 xx 000 0 und d aMohamad Yusrizal B Mohamed Yusoff aKM Practice in Malaysia Community College: KMS to Support KM Framework  cMohamad Yusrizal B Mohamed Yusoff Ahmad Kamil B Mahmood Jafreezal B. Jaafar bOnline Journal of Communication and Media Technologies c2013 a33 : 14 xCommunication xMedia Arts uhttp://www.ojcmt.net/ c311117d311117 001040aCLbCLd2017-02-21l0r2017-02-21 00:00:00w2017-02-21yFOJ